000 00568nam a22001817a 4500
005 20160111123712.0
010 _aENG-114387
020 _a9788179981306
_c295.00
035 _aEN-97919
037 _bDBAD/PUB
082 _a158.1
100 _aSudha, G.S.
245 _aPersonality development and human skills with cases, problems and helpful hints as per the syllabus of BBA /
_cby G.S. Sudha
260 _aJaipur
_bMalik
_c2013
270 _a337,Chaura Rasta
_bJaipur
_e302003
300 _axv,397p
_c24cm(pbk)
942 _2ddc
_cEN
_mSUD
_h158.1
999 _c97926
_d97926